000 01650cam a22003974i 4500
003 URS
005 20250910122156.0
007 co uga||||||||
008 180807b xxu||||| |||| 00| 0 eng d
020 _a0781759781 (onevolume ed. : alk. paper)
020 _a0781731933 (onevolume ed. : alk. paper)
020 _a0781752663 (twovolume ed. : alk. paper)
040 _erda
_cURS
_bEnglish
050 0 0 _aRT41
_b.B836 2004
245 0 0 _aBrunner & Suddarth's textbook of medical-surgical nursing /
_cSuzanne C. Smeltzer, Lillian Sholtis Brunner, Doris Smith. Suddarth.
246 3 _aBrunner and Suddarth's textbook of medical-surgical nursing
246 3 0 _aTextbook of medical-surgical nursing
250 _a10th ed. /
_b[edited by] Suzanne C. Smeltzer ... [et al.].
264 _aPhiladelphia :
_bLippincott Williams and Wilkins,
_c©2004.
300 _axxix, 1071, 81 pages :
_billustrations;
_c29 cm.
336 _atext
_btxt
_2rdacontent
337 _acomputer
_bc
_2rdamedia
338 _aother
_bcz
_2rdacarrier
347 _adata file
_2rda
504 _aIncludes bibliographical references and index.
650 0 _aNursing.
_91023
650 0 _aSurgical nursing.
_91085
650 1 0 _aNursing care.
_91093
650 2 0 _aPerioperative nursing.
_91087
700 _aBrunner, Lillian Sholtis.,
_eauthor.
_91098
700 _aSuddarth, Doris Smith.,
_eauthor.
_91099
700 _aSmeltzer, Suzanne C.,
_eeditor.
_91088
856 4 1 _3Table of contents only
_uhttp://www.loc.gov/catdir/toc/ecip0619/2006026479.html
856 4 2 _3Publisher description
_uhttp://www.loc.gov/catdir/enhancements/fy0712/2006026479-d.html
942 _2lcc
_cFR
999 _c10928
_d10928